000 07824nam a22005297a 4500
005 20091217111840.0
020 _c125.00
_a9788188464388
035 _aB-375147-175
037 _bजाह्नवी प्रकाशन/ PUB
082 _a
100 _aगुप्ता, विभा
_915722
245 _aपुत्र की प्रतिज्ञा /
_cविभा गुप्ता
260 _aदिल्ली
_bजाह्नवी प्रकाशन
_c2009
270 _aए-71, फर्स्ट फ्लोर, विवेक विहार, फेज-2
_bदिल्ली
_e110095
300 _a64पृ.
_c24सेमी (अजिल्द)
_bसचित्र
942 _2ddc
_cCH
_h
_mगुप्तावि
999 _c33078
_d33078